| 000 | 00529nam a2200193Ia 4500 | ||
|---|---|---|---|
| 005 | 20250508164156.0 | ||
| 008 | 008 250505s9999 xx 000 0 eng d | ||
| 020 | _a0-304-33170-8 | ||
| 037 | _aTextual | ||
| 040 |
_aFEDL _beng _cFEDL |
||
| 041 |
_aeng _2eng |
||
| 084 |
_a421, BEA _qFEDL |
||
| 100 |
_aBearne Eve Ed. _9512469 |
||
| 245 | 0 | _aGreater expectations: Children reading writing | |
| 260 |
_aLondon, UK _bCassell _c1995 |
||
| 300 | _aix,221p | ||
| 942 |
_cTEXL _h421, BEA |
||
| 999 |
_c1387443 _d1387443 |
||